Financial intermediaries and industrial development / (Record no. 66827)

MARC details
000 -LEADER
fixed length control field 00598nam a22001577a 4500
005 - DATE AND TIME OF LATEST TRANSACTION
control field 2012051705155.0
020 ## - INTERNATIONAL STANDARD BOOK NUMBER
International Standard Book Number 8170249570
Terms of availability 00
035 ## - SYSTEM CONTROL NUMBER
System control number B-895391
037 ## - SOURCE OF ACQUISITION
Stock number DPL
Source of stock number/acquisition ENG
100 ## - MAIN ENTRY--PERSONAL NAME
Personal name Ansari, Saghir Ahmad
245 ## - TITLE STATEMENT
Title Financial intermediaries and industrial development /
Statement of responsibility, etc by Saghir Ahmad Ansari
260 ## - PUBLICATION, DISTRIBUTION, ETC. (IMPRINT)
Place of publication, distribution, etc New Delhi
Name of publisher, distributor, etc APH Publishing Corporation
Date of publication, distribution, etc 1998
300 ## - PHYSICAL DESCRIPTION
Extent xi, 155p.
Dimensions 20 cms.
942 ## - ADDED ENTRY ELEMENTS (KOHA)
Source of classification or shelving scheme Dewey Decimal Classification
Item type English Books
Classification part 338.43
Call number suffix ANS
Holdings
Withdrawn status Lost status Not for loan Collection code Home library Current library Date acquired Cost, normal purchase price Full call number Barcode Cost, replacement price Koha item type
      Non-fiction Sarojini Nagar Sarojini Nagar 17/05/2012 0.00 338.43 ANS A-895391 0.00 English Books

© Delhi Public Library
Hit Counter
free hit counter